01133 a2200157 4500003000500000005001700005040000900022082001500031100002700046245005800073250001100131260005300142300004000195505070400235650003600939Nust20221115125023.0 cNust a512.13,VAN aVance, Elbridge Putnam aModern algebra and trigonometry / cElbridge P. Vance a2d ed. aReading, Mass.,bAddison-Wesley Pub. Co.c[1968] axi, 432 p. illus.bpart col. 24 cm. aSets and Numbers (Page-1), The Algebra of Numbers as a Logical Systems (Page-20), Extensions of the Logic of Algebra (Page-33), Inequalities Absolute Values and Coordinate Systems (Page-64), Functions and Their Graphical Representation (Page-87), The Circular Functions (Page-99), Linear and Quadratic Functions (Page-144), Determinants (Page-189), Polynomial Functions (Page-206), Inverse Functions (Page-220), Permutations Combinations and the Binomial Theorem (Page-233), Mathematical Induction (Page-250), Exponential and Logarithmic Functions (Page-257), Applications of the Circular Functions (Page-280), Applications of the Circular Functions to Angles (Page-293), Complex Numbers(Page-322).  aModern algebra and trigonometry